Land Of Stories: The Wishing Spell Quiz - Statistics

General Stats
  • This quiz has been taken 624 times
  • The average score is 7 of 17
Answer Stats
Hint Answer % Correct
Who Queen Red want to marry Jack
92%
The fairy godmother's granddaughter Alex
76%
The bandit that helps the twins Goldilocks
68%
The first person the twin's meet Froggy
67%
The woman hunting down the twins Evil Queen
61%
Alex Bailey's brother Connor
56%
Goldilock's horse Porridge
52%
What family member to the twins loose? Dad
51%
The self obsessed queen Queen Red
46%
The man trapped in the Magic Mirror Mira
37%
Conner's teacher Ms. Peters
24%
The twins' dad's friend from the Charming Kingdom Sir Lampton
19%
A queen gives it to the twins as long as they return it Sleeping Beauty's spindle
3%
What do the twins smash Cinderella's slippers
2%
The witch who enchanted a plant to drag people to there deaths Haggatha
2%
The Evil Queen's ally The Big Bad Wolf Pack
2%
The pit Goldilocks tries to throw a queen in The Thorn Pit
2%
No matching quizzes found
Score Distribution
Percent of People with Each Score
Percentile by Number Answered
Your Score History
You have not taken this quiz